000 00759nam a2200277 i 4500
999 _c88260
_d88260
001 C2-0281965
003 PPAK
005 20190226153921.0
008 070919s2007 my a|||| ||||| | eng d
020 _a9830754235
040 _aPPAK
_beng
_cPPAK
_erda
082 0 4 _a500
_223
090 0 0 _a500
_bKHO
_dK
090 2 0 _a500
_bKHO
_dRK
100 1 _aKhoo, Kevin,
_eauthor
245 1 0 _aBugs and insects
264 1 _aRawang, Selangor :
_bPenerbit Mikamas ,
_c2007
300 _a32 pages :
_bcolour illustrations ;
_c27 cm
336 _2rdacontent
_atext
337 _2rdamedia
_aunmediated
338 _2rdacarrier
_avolume
490 1 _aScience facts series
650 1 0 _aScience - Popular works.
830 0 _aScience facts series
942 _cB
_2ddc